000 00320nam a22001457a 4500
003 SGT
020 _a9789389991178
082 _a343.04
_bDAT
100 _aDATAR ARVIND P
245 _aTHE LAW AND PRACTICE OF INCOME TAX
250 _a11
260 _aGURUGRAM
_bLEXIS NEXIS
_c2020
300 _a3742
942 _2ddc
_cBK
999 _c34089
_d34089